000 00727nam a22001817a 4500
999 _c20138
_d20138
005 20180323144431.0
008 180323b2017 ck ||||| ||||o00| 0 spa d
020 _a9789588971759
040 _aCO-BoIAVH
_cCO-BoIAVH
041 _aspa
044 _ack
090 _aFG-
_b0279
110 2 _aColombia.
_bMinisterio de Ambiente y Desarrollo Sostenible
245 1 0 _aOrientaciones a las autoridades ambientales par ala definición y actualización de las determinantes ambientales y su incorporación a los planes de ordenamiento territorial municipal y distrital
260 _aBogotá:
_bMinisterio de Ambiente y Desarrollo Sostenible,
_c2017.
300 _a29 páginas:
_bfotografías a color,
942 _2z
_cFolleto